000 00852cam a22002773a 4500
001 30953
003 PGUSA
005 20140828083653.0
008 100113s2010||||xxu|||||s|||||000 1 eng d
040 _aPGUSA
_beng
042 _adc
050 4 _aPS
050 4 _aPZ
100 1 _aDavis, Richard Harding,
_d1864-1916
245 1 4 _aThe Boy Scout and other stories for Boys
_h[electronic resource] /
_cRichard Harding Davis
260 _bProject Gutenberg,
_c2010
505 0 _aThe boy scout -- The boy who cried wolf -- Gallegher -- Blood will tell -- The bar sinister.
506 _aPublic domain in the USA.
516 _aElectronic text
653 _aChildren's stories, American
653 _aShort stories
653 _aFiction
830 0 _aProject Gutenberg
_v30953
856 4 0 _uhttp://www.gutenberg.org/ebooks/30953
942 _cEB
999 _c260208
_d260208